Popular and collectible neckties : (Record no. 17461)

000 -LEADER
fixed length control field 01256cam a2200325 a 4500
001 - CONTROL NUMBER
control field 2618851
005 - DATE AND TIME OF LATEST TRANSACTION
control field 20161126111421.0
008 - FIXED-LENGTH DATA ELEMENTS--GENERAL INFORMATION
fixed length control field 980217s1998 paua bc 000 0 eng
010 ## - LIBRARY OF CONGRESS CONTROL NUMBER
LC control number 98084541
020 ## - INTERNATIONAL STANDARD BOOK NUMBER
International Standard Book Number 0764305166
040 ## - CATALOGING SOURCE
Original cataloging agency DLC
Transcribing agency DLC
Modifying agency DLC
050 00 - LIBRARY OF CONGRESS CALL NUMBER
Classification number NK4890.N43
Item number E88 1998
100 1# - MAIN ENTRY--PERSONAL NAME
Personal name Ettinger, Roseann.
245 10 - TITLE STATEMENT
Title Popular and collectible neckties :
Remainder of title 1955 to the present /
Statement of responsibility, etc. Roseann Ettinger.
246 30 - VARYING FORM OF TITLE
Title proper/short title Neckties
260 ## - PUBLICATION, DISTRIBUTION, ETC. (IMPRINT)
Place of publication, distribution, etc. Atglen, PA :
Name of publisher, distributor, etc. Schiffer Pub. Ltd.,
Date of publication, distribution, etc. c1998.
300 ## - PHYSICAL DESCRIPTION
Extent [160] p. :
Other physical details col. ill. ;
Dimensions 28 cm.
440 #2 - SERIES STATEMENT/ADDED ENTRY--TITLE
Title A Schiffer book for collectors
500 ## - GENERAL NOTE
General note "With price guide"--Cover.
504 ## - BIBLIOGRAPHY, ETC. NOTE
Bibliography, etc Includes bibliographical references (p. [159]) and index.
650 #0 - SUBJECT ADDED ENTRY--TOPICAL TERM
Topical term or geographic name as entry element Neckties
General subdivision Collectors and collecting
-- Catalogs.
650 #0 - SUBJECT ADDED ENTRY--TOPICAL TERM
Topical term or geographic name as entry element Neckties
General subdivision History
Chronological subdivision 20th century
General subdivision Catalogs.
942 ## - ADDED ENTRY ELEMENTS (KOHA)
Source of classification or shelving scheme
Koha item type Hard Covered Materials
Classification part NK4890.N43 E88 1998
Holdings
Withdrawn status Lost status Source of classification or shelving scheme Damaged status Not for loan Home library Current library Shelving location Date acquired Source of acquisition Total Checkouts Full call number Barcode Date last seen Price effective from Koha item type
          MACHAKOS UNIVERSITY LIBRARY MACHAKOS UNIVERSITY LIBRARY Open shelf 26/11/2016 Donation(B.F.A)   NK4890.N43 E88 1998 28373 26/11/2016 26/11/2016 Hard Covered Materials
© Machakos University Library, Along The Highway, Machakos Wote Rd, Machakos, Kenya P.O. Box 136 - 90100 Machakos - Kenya

Tel: ( +254 ) 723 805829 OR Fax : 044-20353 OR Email: library@mksu.ac.ke